Co to za etap robot mastera? - Statystyki

Ogólne statystyki
  • Ten quiz został rozwiązany 4 razy
  • Średni wynik to 53 z 72
Statystyki odpowiedzi
Obrazkowy Odpowiedź % Poprawnych
Tornado Man
100%
Air Man
75%
Blade Man
75%
Bomb Man
75%
Bright Man
75%
Bubble Man
75%
Centaur Man
75%
Chill Man
75%
Comet Woman
75%
Commando Man
75%
Concrete Man
75%
Crash Man
75%
Crystal Man
75%
Cut Man
75%
Drill Man
75%
Dust Man
75%
Elec Man
75%
Fire Man
75%
Flame Man
75%
Flash Man
75%
Galaxy Man
75%
Gemini Man
75%
Glue Man
75%
Gravity Man
75%
Guts Man
75%
Gyro Man
75%
Hard Man / Break Man
75%
Heat Man
75%
Hornet Man
75%
Ice Man
75%
Jet Man
75%
Jewel Man
75%
Knight Man
75%
Magma Man
75%
Magnet Man
75%
Metal Man
75%
Nail Man
75%
Napalm Man
75%
Needle Man
75%
Nitro Man
75%
Pharaoh Man
75%
Plant Man
75%
Plug Man
75%
Pump Man
75%
Quick Man
75%
Rainbow Man
75%
Ring Man
75%
Shadow Man
75%
Sheep Man
75%
Skull Man
75%
Snake Man
75%
Solar Man
75%
Spark Man
75%
Star Man
75%
Stone Man
75%
Strike Man
75%
Toad Man
75%
Tomahawk Man
75%
Top Man
75%
Trinitro Man
75%
Wave Man
75%
Whirlpool Man
75%
Wind Man
75%
Wood Man
75%
Yamato Man
75%
Yoku Man
75%
Yo-Yo Man
75%
Blizzard Man
50%
Dive Man
50%
Splash Woman
50%
Tank Man
50%
Charge Man
25%
Nie znaleziono quizów pasujących do podanych kryteriów
Rozkład punktacji
Procent ludzi z każdym wynikiem
Percentyl według liczby udzielonych odpowiedzi
Twoja historia wyników
Nie rozwiązałeś tego quizu